[Event "Paris Apsap op 103rd"]
[Site "Paris"]
[Date "2008.08.11"]
[Round "7"]
[White "Goldsztejn, Gildas"]
[Black "Vallejo Pons, Francisco"]
[Result "1/2-1/2"]
[WhiteElo "2374"]
[BlackElo "2650"]
[PlyCount "95"]
[EventDate "2008.08.06"]
[EventType "swiss"]
[EventRounds "9"]
[EventCountry "FRA"]
[SourceTitle "EXT 2010"]
[Source "ChessBase"]
[SourceDate "2010.11.25"]
[SourceVersion "1"]
[SourceVersionDate "2010.11.25"]
[SourceQuality "1"]

1. e4 c5 2. Nf3 d6 3. d4 cxd4 4. Nxd4 Nf6 5. Nc3 a6 6. Bg5 e6 7. f4 Qb6 8. Qd2 Nc6 9. 0-0-0 Qxd4 10. Qxd4 Nxd4 11. Rxd4 Rb8 12. Be2 b5 13. a3 Nd7 14. Rhd1 h6 15. Bh4 g5 16. fxg5 Be7 17. Kb1 hxg5 18. Bg3 Ne5 19. a4 bxa4 20. Rxa4 Rb6 21. Na2 Nd7 22. Rb4 Rxb4 23. Nxb4 Bb7 24. Nxa6 Bxe4 25. Bb5 e5 26. Bxd7+ Kxd7 27. Nc5+ Kc6 28. Nxe4 f5 29. Nd2 f4 30. Bf2 Rxh2 31. Rg1 Bf6 32. Ne4 Be7 33. c4 d5 34. cxd5+ Kxd5 35. Nc3+ Kc6 36. Kc2 g4 37. Kd3 g3 38. Ba7 Kb7 39. Nd5 Bd6 40. Bb6 f3 41. gxf3 Kc6 42. Ke4 Rh4+ 43. f4 exf4 44. Rc1+ Kd7 45. Kf3 Rh2 46. b3 Rb2 47. Rc3 Rb1 48. Nxf4 1/2-1/2